000 01059naa a22002777a 4500
001 BR9212203
003 BR-BrBNA
005 20240918180813.0
007 ta
008 230509b bl.||||| |||| 00| 0 por d
040 _aBR-BrBNA
_bpor
_cBiblioteca Nacional de Agricultura
041 _a(Pt)
072 _aQ02
_b1850
090 _aQ02 BR9212203
100 1 _aFonseca, H.
111 1 _a1. Seminario de Agroindustria do Parana
_cCuritiba, PR (Brazil)
_d16-19 Jul 1984
245 1 _aIndustrializacao do tomate
260 3 _aCuritiba, PR (Brasil):
_c1985.
500 _a1. Seminario de Agroindustria do Parana; oportunidades para micro, pequena e media empresa. Anais Curitiba, PR (Brasil): 1985. p. 191-212 (BR9212203-AM)Q02
650 _aTomate
650 _aIndustrializacao
650 _aTecnologia de Alimento
773 0 _t1. Seminario de Agroindustria do Parana; oportunidades para micro, pequena e media empresa. Anais
_wQ02 BR9212203
_gCuritiba, PR (Brasil), 1985. p. 191-212
909 _a202404
_bLucia
_c55
_dLucia Elande
942 _cAM
_2AGRIS
999 _c322118
_d322118